000 00553nam a2200217Ia 4500
003 OSt
005 20220918230349.0
006 a|||||r|||| 00| 0
007 ta
008 220917b |||||||| |||| 00| 0 eng d
024 _a252,433
037 _cTextual
040 _aARTS
_cARTS
_beng
041 _2eng
_aeng
082 _aV55,4N47, J1
245 0 _aLe parti communiste francais et i'integration europeenne
_b 1951 - 1973
260 _c1951
650 _aHISTORY
942 _hV55,4N47, J1
_cTEXL
_2CC
999 _c287821
_d287821